00554nam a22001695i 4500001000700000003000900007005001700016008004100033040002000074100002400094245004700118260004400165300002200209490004300231830004300274852006700317160926ES-MaACL20230906212146.0041005s1876 gw |||| | eng d aCAM bspa cCAM1 aOliphant, Margaret.14aThe curate in charge / cby Mrs. Oliphant. aLeipzig : bBernhard Tauchnitz, c1876. a311 p. ; c16 cm.1 aCollection of british authors ; v15610 aCollection of british authors ; v1561 aES-MaACLjG-12387 z-- Enc. hol., conservando la cub. original